LEADER 03375nam 2200661Ia 450 001 9910456834403321 005 20200520144314.0 010 $a1-56027-784-X 035 $a(CKB)2550000000007361 035 $a(EBL)485605 035 $a(OCoLC)609856353 035 $a(SSID)ssj0000356462 035 $a(PQKBManifestationID)11261572 035 $a(PQKBTitleCode)TC0000356462 035 $a(PQKBWorkID)10349895 035 $a(PQKB)11728220 035 $a(MiAaPQ)EBC3028380 035 $a(MiAaPQ)EBC485605 035 $a(Au-PeEL)EBL3028380 035 $a(CaPaEBR)ebr10366908 035 $a(CaONFJC)MIL534922 035 $a(Au-PeEL)EBL485605 035 $a(EXLCZ)992550000000007361 100 $a20051007e20092004 ua 0 101 0 $aeng 135 $aur|n|---||||| 181 $ctxt 182 $cc 183 $acr 200 00$aAirplane flying handbook$b[electronic resource] 205 $a2nd ed. 210 $a[Washington, DC] $cU.S. Dept. of Transportation, Federal Aviation Administration, Flight Standards Service ;$aNewcastle, Washington $cAviation Supplies & Academics, Inc.$d2009$dc2004 215 $a1 online resource (281 p.) 225 1 $aFAA Handbooks 300 $a"FAA-H-8083-3A." 300 $aOriginally published by the U.S. Dept. of Transportation, Federal Aviation Administration, Flight Standards Service. 311 $a1-56027-557-X 327 $aCover; Preface; Table of Contents; Chapter 1 - Introduction to Flight Training; Chapter 2 - Ground Operations; Chapter 3 - Basic Flight Maneuvers; Chapter 4 - Slow Flight, Stalls, and Spins; Chapter 5 - Takeoffs and Departure Climbs; Chapter 6 - Ground Reference Maneuvers; Chapter 7 - Airport Traffic Patterns; Chapter 8 - Approaches and Landings; Chapter 9 - Performance Maneuvers; Chapter 10 - Night Operations; Chapter 11 - Transition to Complex Airplanes; Chapter 12 - Transition to Multiengine Airplanes; Chapter 13 - Transition to Tailwheel Airplanes 327 $aChapter 14 - Transition to Turbopropeller Powered AirplanesChapter 15 - Transition to Jet Powered Airplanes; Chapter 16 - Emergency Procedures; Glossary; Index 330 $aThe fundamental skills and essential information necessary for piloting airplanes are introduced in this beginning aviator's guide. Pilots wishing to improve their flying proficiency and aeronautical knowledge, flyers preparing for additional certificates or ratings, and flight instructors engaged in the instruction of both students and licensed pilots will benefit from the information in this pilot resource. The official FAA reference for the aviator-in-training, many test questions for the FAA Knowledge Exams for pilots come directly from this guide. 410 0$aFAA Handbooks 606 $aAirplanes$xPiloting$vHandbooks, manuals, etc 606 $aFlight training$vHandbooks, manuals, etc 608 $aElectronic books. 615 0$aAirplanes$xPiloting 615 0$aFlight training 676 $a629.132/52 676 $a629.13252 712 02$aUnited States.$bFederal Aviation Administration. 712 02$aUnited States.$bFlight Standards Service. 712 02$aAviation Supplies & Academics, Inc. 801 0$bMiAaPQ 801 1$bMiAaPQ 801 2$bMiAaPQ 906 $aBOOK 912 $a9910456834403321 996 $aAirplane flying handbook$92225787 997 $aUNINA LEADER 02710nam 2200613 a 450 001 9910830283003321 005 20170810180404.0 010 $a1-283-17591-6 010 $a9786613175915 010 $a1-118-06235-3 010 $a1-118-06236-1 010 $a1-118-06234-5 035 $a(CKB)2550000000041748 035 $a(EBL)693213 035 $a(SSID)ssj0000506338 035 $a(PQKBManifestationID)11301414 035 $a(PQKBTitleCode)TC0000506338 035 $a(PQKBWorkID)10514081 035 $a(PQKB)10643497 035 $a(MiAaPQ)EBC693213 035 $a(OCoLC)739118479 035 $a(PPN)160606721 035 $a(EXLCZ)992550000000041748 100 $a20110125d2011 uy 0 101 0 $aeng 135 $aur|n|---||||| 181 $ctxt 182 $cc 183 $acr 200 00$aSynthetic diamond films$b[electronic resource] $epreparation, electrochemistry, characterization, and applications /$fedited by Enric Brillas, Carlos Alberto Marti?nez-Huitle 210 $aHoboken, N.J. $cWiley$dc2011 215 $a1 online resource (678 p.) 225 1 $aThe Wiley series on electrocatalysis and electrochemistry 300 $aDescription based upon print version of record. 311 $a0-470-48758-5 320 $aIncludes bibliographical references and index. 327 $apt. 1. Synthesis of diamond films -- pt. 2. Electrochemistry of diamond films -- pt. 3. Electroanalytical applications -- pt. 4. Industrial applications -- pt. 5. Bioelectrochemical applications. 330 $aThe book gives an overview on the current development status of synthetic diamond films and their applications. Its initial part is devoted to discuss the different types of conductive diamond electrodes that have been synthesized, their preparation methods, and their chemical properties and characterization. The electrochemical properties of diamond films in different scientific areas, with special attention in electroanalysis, are further described. Different strategies to modify these electrodes are also discussed as important technologies with ability to change their electrochemical charac 410 0$aWiley series on electrocatalysis and electrochemistry. 606 $aDiamonds$xElectric properties 606 $aDiamond thin films 615 0$aDiamonds$xElectric properties. 615 0$aDiamond thin films. 676 $a666.88 676 $a666/.88 701 $aBrillas$b Enric$01715383 701 $aMarti?nez-Huitle$b Carlos Alberto$0878002 801 0$bMiAaPQ 801 1$bMiAaPQ 801 2$bMiAaPQ 906 $aBOOK 912 $a9910830283003321 996 $aSynthetic diamond films$94109969 997 $aUNINA